00558pab a2200205 454500008004000000100001800040245010500058260000900163300001600172362000800188650002400196650001800220650001000238650001000248650001800258650001400276650001000290700001800300773003400318180718b2005 xxu||||| |||| 00| 0 eng d aBrowne, Irene aRace, ethnicity, and wage inequality among women: what happened in the 1990s and early 21st century? c2005 ap.1275-292. aMay aIncome distribution aLabour market aWomen aWages aEthnic groups aEthnicity aWomen aAskew, Rachel aAmerican Behavioral Scientist